00672 a2200157 45000010006000000050017000060080041000230030015000640400040000790800037001192450050001562640050002063000018002565050218002741000022004925423720260407155813.0260407a1965 arg spa dAR-UNSa-BCEJYS aAR-UNSa-BCEJYSbspacAR-UNSa-BCEJYS a336.741.28xTeorías monetarias10aEvolución reciente de la teoría monetaria 1aBuenos Aires :bEditorial del Institutoc1965 a54 p.c19 cm. a1. Introducción – 2. El papel del dinero en la economía – 3. La propensión al consumo – 4. La propensión a invertir – 5. La demanda de dinero – 6. La oferta de dinero – 7. Política monetaria 1 aJohnson, Harry G.